MARC details
| 000 -CABECERA |
| campo de control de longitud fija |
02651nam a2200349 a 4500 |
| 001 - NÚMERO DE CONTROL |
| campo de control |
BRCA_2436 |
| 005 - FECHA Y HORA DE LA ÚLTIMA TRANSACCIÓN |
| campo de control |
20190320203816.0 |
| 008 - DATOS DE LONGITUD FIJA--INFORMACIÓN GENERAL |
| campo de control de longitud fija |
141108s1797----sp-a---###---#000-0dspa-u |
| 041 ## - CÓDIGO DE LENGUA |
| Código de lengua del texto/banda sonora o título independiente |
spa |
| 044 ## - CÓDIGO DEL PAÍS DE LA ENTIDAD EDITORA/PRODUCTORA |
| Código MARC del país |
sp |
| 084 ## - OTRO NÚMERO DE CLASIFICACIÓN |
| Número de clasificación |
076 |
| Número de documento/Ítem |
.S264 |
| -- |
1797 |
| 100 1# - ENTRADA PRINCIPAL--NOMBRE DE PERSONA |
| Nombre de persona |
Cervantes Saavedra, Miguel de |
| Fechas asociadas al nombre |
1547-1616 |
| 9 (RLIN) |
213 |
| 245 10 - MENCIÓN DE TÍTULO |
| Título |
El Ingenioso Hidalgo Don Quixote de la Mancha |
| Mención de responsabilidad, etc. |
compuesto por Miguel de Cervantes Saavedra. |
| 260 ## - PUBLICACIÓN, DISTRIBUCIÓN, ETC. |
| Lugar de publicación, distribución, etc. |
Madrid |
| Nombre del editor, distribuidor, etc. |
Gabriel de Sancha |
| Fecha de publicación, distribución, etc. |
1797 |
| 300 ## - DESCRIPCIÓN FÍSICA |
| Extensión |
5 v. |
| Otras características físicas |
il. |
| Dimensiones |
21 cm. |
| Material acompañante/anejo |
1 mapa |
| 500 ## - NOTA GENERAL |
| Nota general |
Contenido : v 1. Primera parte. Notas al título de la obra. Discurso preliminar. Vida de Cervantes y algunos documentos sobre su vida por Pellicer. Dedicatoria del autor. Prólogo del autor. Versos preliminares. Texto. -- v 2. Texto. -- v 3. Texto. -- v 4. Segunda parte. Dedicatoria del autor. Prólogo del autor. Texto. -- v 5. Mapa de los viajes de D. Quijote. Texto |
| 500 ## - NOTA GENERAL |
| Nota general |
Edición : Nueva edición corregida de nuevo, con nuevas notas, nuevas estampas, con nuevo análisis y con la vida del autor nuevamente aumentada por Juan Antonio Pellicer |
| 500 ## - NOTA GENERAL |
| Nota general |
Edición de Pellicer, bien acabada desde el punto de vista tipográfico, copia de la edición académica con algunas variantes. Pellicer fue uno de los destacados primeros biógrafos de Cervantes y comentadores del Quijote. Sus notas y noticias sobre la vida y obra cervantinas, hoy ya anticuadas, eran muy notables en su tiempo; constituyen, aún hoy, una rica fuente de erudición cervantesca. El retrato de Cervantes está dibujado por R. Ximeno, las láminas están hechas por Ximeno, Camarón y Paret. Tanto por lo que toca al aspecto literario, como al tipográfico y erudito, merece esta edición ser colocada entre las buenas que se han impreso. Hermoso ejemplar, encuadernado en fina piel roja, planos orlados, lomeras decoradas con florones y filetes dorados, cortes, cantos y contracantos dorados también Lúdovik Osterc |
| 500 ## - NOTA GENERAL |
| Nota general |
Estado físico : La cubierta del volumen 1 se encuentra desprendida |
| 500 ## - NOTA GENERAL |
| Nota general |
QM60 |
| 650 14 - PUNTO DE ACCESO ADICIONAL DE MATERIA--TÉRMINO DE MATERIA |
| Término de materia o nombre geográfico como elemento de entrada |
Novela española |
| Subdivisión cronológica |
Época clásica, 1500-1700 |
| 9 (RLIN) |
215 |
| 650 14 - PUNTO DE ACCESO ADICIONAL DE MATERIA--TÉRMINO DE MATERIA |
| Término de materia o nombre geográfico como elemento de entrada |
Literatura española |
| Subdivisión cronológica |
Época clásica, 1500-1700 |
| 9 (RLIN) |
216 |
| 650 14 - PUNTO DE ACCESO ADICIONAL DE MATERIA--TÉRMINO DE MATERIA |
| Término de materia o nombre geográfico como elemento de entrada |
Novela española |
| Subdivisión cronológica |
Siglo XVII |
| 9 (RLIN) |
217 |
| 650 14 - PUNTO DE ACCESO ADICIONAL DE MATERIA--TÉRMINO DE MATERIA |
| Término de materia o nombre geográfico como elemento de entrada |
Don Quijote (Personaje ficticio) |
| Término indicativo de función/relación |
Novela |
| 9 (RLIN) |
218 |
| 700 1# - PUNTO DE ACCESO ADICIONAL--NOMBRE DE PERSONA |
| Nombre de persona |
Pellicer y Pilares, Juan Antonio |
| Fechas asociadas al nombre |
1738-1806 |
| Término indicativo de función/relación |
Biógrafo |
| 9 (RLIN) |
7120 |
| 700 1# - PUNTO DE ACCESO ADICIONAL--NOMBRE DE PERSONA |
| Nombre de persona |
Jimeno, José Antonio |
| Fechas asociadas al nombre |
1757-1807 |
| Término indicativo de función/relación |
Ilustrador |
| 9 (RLIN) |
7121 |
| 700 1# - PUNTO DE ACCESO ADICIONAL--NOMBRE DE PERSONA |
| Nombre de persona |
Camarón Boronat, José |
| Fechas asociadas al nombre |
1730-1803 |
| Término indicativo de función/relación |
Ilustrador |
| 9 (RLIN) |
7122 |
| 700 1# - PUNTO DE ACCESO ADICIONAL--NOMBRE DE PERSONA |
| Nombre de persona |
Paret y Alcázar, Luis |
| Fechas asociadas al nombre |
1746-1799 |
| Término indicativo de función/relación |
Ilustrador |
| 9 (RLIN) |
7123 |
| 740 0# - PUNTO DE ACCESO ADICIONAL--TÍTULO RELACIONADO O ANALÍTICO NO CONTROLADO |
| Título relacionado o analítico no controlado |
El Ingenioso Hidalgo Don Quijote de la Mancha |
| 902 ## - CATALOGADOR |
| Iniciales |
QFM |
| 942 ## - ELEMENTOS DE PUNTO DE ACCESO ADICIONAL (KOHA) |
| Fuente del sistema de clasificación o colocación |
Library of Congress Classification |
| Tipo de ítem Koha |
Libros |